| 000 | 00586nam a2200193Ia 4500 | ||
|---|---|---|---|
| 005 | 20240603032642.0 | ||
| 008 | 240331s9999 xx 000 0 und d | ||
| 020 | _a0861876644 | ||
| 082 |
_bROL _a342 |
||
| 245 | 4 |
_aThe role of the judiciary in plural societies : _ba publication of the international centre for ethnic studies |
|
| 250 | _a1 st | ||
| 260 |
_aLondon _bInternational Centre For Ethnic Studies _c1987 |
||
| 300 | _axxi, 193 p ., | ||
| 650 | _aLaws | ||
| 650 | _aHuman Rights | ||
| 700 |
_aTiruchelvam, Neelan _eedt |
||
| 700 |
_aCoomaraswamy, Radhika _eedt |
||
| 942 | _cL | ||
| 999 |
_c2815 _d2815 |
||